Rosco de Pasapalabra #59 - Estadísticas

Estadísticas generales
  • Esta prueba ha sido intentada 249 veces
  • La puntuación promedio es 13 de 25
Estadísticas de respuestas
Inicial Definición Respuesta % Correcto
B Vehículo de dos ruedas, cuyos pedales transmiten el movimiento por medio de un plato, un piñón y una cadena Bicicleta
99%
G Levantar la voz más de lo acostumbrado Gritar
93%
F Parte superior de la cara, desde el borde de las órbitas hasta la inflexión en que comienza la cabeza Frente
88%
H Viento fuerte muy rápido, que gira en grandes círculos, propio de las zonas tropicales Huracán
87%
L Operación de cirugía estética que consiste en aspirar el exceso de grasa contenida debajo de la piel Liposucción
84%
U Solo y sin otro de su especie Único
79%
S Que tiene sustancia Sustancioso
78%
J Género de música derivado de ritmos afroamericanos y caracterizado por la libertad de improvisación Jazz
76%
I Porción muy breve de tiempo Instante
68%
N Bollo rectangular relleno, normalmente de chocolate o de crema Napolitana
63%
T Persona habilitada para graduar el precio de un bien Tasador
63%
D Perteneciente o relativo al detective o a su profesión Detectivesco
62%
Contiene la Ñ Hermano del cuñado de una persona Concuñado
60%
V Terminar o perder su vigencia un contrato por cumplirse el plazo en él fijado Vencer
59%
Contiene la X Dificultad en el aprendizaje de la lectura o la escritura Dislexia
53%
R Terreno circular destinado a la lidia de toros y limitado por la valla o barrera Ruedo
52%
Contiene la Q Piedra tallada en forma de prisma rectangular que se emplea para pavimentar calles o carreteras Adoquín
40%
C Soporte tapizado sobre el que se coloca el colchón Canapé
40%
A Resumen del asunto de una obra literaria o cinematográfica, o de cada una de sus partes Argumento
34%
O Unidad con que se mide la potencia y el valor antidetonante de un combustible para motores de combustión interna Octano
23%
Z Aparato que al girar produce la ilusión de que se mueven unas figuras dibujadas en una banda colocada en su interior Zoótropo
4%
E Satisfacción, compensación o enmienda del daño recibido en la guerra Erecha
1%
Contiene la Y Apellido del golfista que ganó el Másters de Augusta en 1968 Goalby
1%
P Poeta o descendiente del dios griego Pan Panida
1%
M Río de Nueva Zelanda que nace en las montañas de Eyre y desemboca en la bahía de Toetoes Mataura
0%
No se encontraron pruebas coincidentes
Distribución de puntuación
Porcentaje de gente con cada puntuación
Porcentaje por número respondido
Historial de tus puntuaciones
No has intentado esta prueba.